Prikladnyje iteracionnyje metody

Salvato in:
Dettagli Bibliografici
Autori principali: Chejgeman, Luis (Autore), Jang, Devid (Autore)
Natura: Libro
Lingua:russo
Pubblicazione: Moskva : Mir, 1986
Tags: Aggiungi Tag
Nessun Tag, puoi essere il primo ad aggiungerne!!

MARC

LEADER 00000nam a22000003a 4500
001 stu57868
005 20150617225654.8
008 010515s1986----xxr-----------------rus-d
040 |a STU  |b slo 
041 0 |a rus 
044 |a xxr 
080 |a 512.64 
080 |a 519.7 
100 1 |a Chejgeman, Luis  |4 aut 
245 1 |a Prikladnyje iteracionnyje metody 
260 |a Moskva :  |b Mir,  |c 1986 
300 |a 446 s 
500 |a prel. z angl. orig. 
700 1 |a Jang, Devid  |4 aut 
996 |c V*34183/O-14079  |l VV7  |s P  |a 0  |w stu57868_0001